| 000 | 00388nam a2200169Ia 4500 | ||
|---|---|---|---|
| 008 | 170705s9999 xx 000 0 und d | ||
| 020 | _a9780439844130 | ||
| 245 | _aBike boy's scrapbook / | ||
| 245 | _cEli Evans. | ||
| 260 | _aNew York : | ||
| 260 | _bScholastic, | ||
| 260 | _c2006 | ||
| 300 | _a16 pages : | ||
| 300 | _bcolor illustration ; | ||
| 300 | _c19cm. | ||
| 500 | _a440 | ||
| 999 |
_c335977 _d335977 |
||